The ADR practice guide (Record no. 106053)
[ view plain ]
| 000 -LEADER | |
|---|---|
| fixed length control field | 01301cam a22002895a 4500 |
| 001 - CONTROL NUMBER | |
| control field | L135422 |
| 008 - FIXED-LENGTH DATA ELEMENTS--GENERAL INFORMATION | |
| fixed length control field | 061025s2007 xxk f 001 0 eng u |
| 020 ## - INTERNATIONAL STANDARD BOOK NUMBER | |
| International Standard Book Number | 9781845923146 |
| 035 ## - SYSTEM CONTROL NUMBER | |
| System control number | (Sirsi) u135422 |
| 050 04 - LIBRARY OF CONGRESS CALL NUMBER | |
| Classification number | 347.4107 $2 18 |
| 100 1# - MAIN ENTRY--PERSONAL NAME | |
| Personal name | Mackie, Karl |
| 245 04 - TITLE STATEMENT | |
| Title | The ADR practice guide |
| 250 ## - EDITION STATEMENT | |
| Edition statement | 3rd ed. |
| 260 ## - PUBLICATION, DISTRIBUTION, ETC. | |
| Place of publication, distribution, etc. | Haywards Heath |
| Name of publisher, distributor, etc. | Tottel Publishing |
| Date of publication, distribution, etc. | 2007 |
| 300 ## - PHYSICAL DESCRIPTION | |
| Extent | xvii, 364p. |
| Dimensions | 24cm. |
| 350 ## - PRICE (NR) (BK AM CF MU VM SE) [OBSOLETE] | |
| Price | 78 |
| 505 2# - FORMATTED CONTENTS NOTE | |
| Formatted contents note | The conceptual framework of ADR -- The legal framework of ADR -- The practical framework of mediation |
| 520 ## - SUMMARY, ETC. | |
| Summary, etc. | Presents a guide to civil and commercial Alternative Dispute Resolution (ADR). Provides an overview of the tools available for dispute resolution, including negotiation. Examines civil procedures, court ADR orders, sanctions for refusing ADR, costs and European law. Also considers the practical issues involved with mediation, including how prepare for and set up the mediation. Includes a section on the expanding case ADR case law. |
| 590 ## - LOCAL NOTE (RLIN) | |
| Local note | KA |
| 650 24 - SUBJECT ADDED ENTRY--TOPICAL TERM | |
| Topical term or geographic name entry element | CIVIL PROCEDURE RULES 1998 |
| 651 #4 - SUBJECT ADDED ENTRY--GEOGRAPHIC NAME | |
| Geographic name | United Kingdom |
| Chronological subdivision | |
| 690 ## - LOCAL SUBJECT ADDED ENTRY--TOPICAL TERM (OCLC, RLIN) | |
| Topical term or geographic name as entry element | MANAGEMENT-DISPUTE AVOIDANCE, MANAGEMENT AND RESOLUTION-DISPUTE MANAGEMENT AND RESOLUTION |
| 700 1# - ADDED ENTRY--PERSONAL NAME | |
| Personal name | Miles, David |
| 700 1# - ADDED ENTRY--PERSONAL NAME | |
| Personal name | Marsh, William |
| 700 1# - ADDED ENTRY--PERSONAL NAME | |
| Personal name | Allen, Tony |
| 942 ## - ADDED ENTRY ELEMENTS (KOHA) | |
| Suppress in OPAC | 0 |
| Withdrawn status | Lost status | Source of classification or shelving scheme | Damaged status | Not for loan | Home library | Current library | Shelving location | Date acquired | Total Checkouts | Full call number | Barcode | Date last seen | Date last checked out | Copy number | Price effective from | Koha item type |
|---|---|---|---|---|---|---|---|---|---|---|---|---|---|---|---|---|
| Dewey Decimal Classification | London | London | Books | 26/10/2007 | 12 | 347.4107 MAC | 30074316 | 06/08/2019 | 09/10/2009 | 1 | 06/08/2019 | Book |